Score 0/11 Timer 05:00
0 Plays Today
% Correct
Dementors
94.2%
Voldemort
90.5%
Slytherin
82.2%
Gryffindor
79.4%
Harry Potter and the Deathly Hallows
69.3%
Lord Voldemort
66.4%
Harry Potter and the Sorcerer's Stone
65.7%
Harry Potter
51.6%
Harry Potter World
45.6%
Harry Potter and the Prisoner of Azkaban
45.4%
9 3/4
28.5%
Remove Ads.
Support Sporcle.
Get the best of Sporcle when you Go Orange. This ad-free experience offers more features, more stats, and more fun while also helping to support Sporcle. Thank you for becoming a member.

You're not logged in!

Compare scores with friends on all Sporcle quizzes.
OR
Log In

Show Comments

Extras

Top Quizzes Today


Score Distribution

Your Account Isn't Verified!

In order to create a playlist on Sporcle, you need to verify the email address you used during registration. Go to your Sporcle Settings to finish the process.

Report this User

Report this user for behavior that violates our Community Guidelines.

Details: